00956nam a2200229 i 450000100060000000300090000600500170001500700030003200800410003502000180007608000340009410000460012824501680017426000310034230000420037365100660041570000270048170000460050885200330055499900170058795201220060477778ES-MaACL20260201170439.0t|041108s1976 sp ||||1| spa d a84-400-9713-1 a914.652.2 : (234.1 Pirineos )1 aEnríquez de Salamanca, Cayetano.94728510aPor el Pirineo catalán b: (el Pallars, el alto Urgel y Andorra) /cCayetano Enríquez de Salamanca ; prólogo de Agustí Jolis y Mª Antonia Simó de Jolis. aMadrid : b[s.n.], c1976. a175 p. : bil. neg. y col. ; c24 cm. 4aPirineos catalanes (España)-vGuías turísticas.91588531 aJolis, Agustí9667960 aSimó de Jolis, Maria Antònia.9106500 aES-MaACLjE-10282 bR.134511 c77778d77778 00104070aATENEOMbATENEOMcDEPO2d2008-01-17eSCl0oE-10282p1081368r2023-02-23 00:00:00w2023-02-23yMONOGRAFIA